| 000 | 00808nam a22002774a 4500 | ||
|---|---|---|---|
| 008 | |||
| 020 | _a0123334624 (pbk.) | ||
| 049 | _aMAIN | ||
| 090 | _aQH431 RIC | ||
| 100 | 1 | _aRichards, Julia E. | |
| 245 | 1 | 4 |
_aThe human genome : _ba user's guide / _cJulia E. Richards, Scott R. Hawley. |
| 250 | _a2nd ed. | ||
| 260 |
_aAmsterdam : _bElsevierAcademic Press, _c2005. |
||
| 300 |
_axi, 465 p. : _bill. ; _c26 cm. |
||
| 500 | _aIncludes index. | ||
| 504 | _aIncludes bibliographical references. | ||
| 650 | 0 | _aHuman genome. | |
| 650 | 0 | _aHuman gene mapping. | |
| 650 | 0 | _aHuman genetics. | |
| 700 | 1 | _aHawley, R. Scott. | |
| 907 |
_a.b10252666 _b17-01-08 _c18-10-07 |
||
| 003 | |||
| 005 | 20230123134510.0 | ||
| 040 | _cNUST | ||
| 942 |
_cBOOKS _kQH431 RIC |
||
| 999 |
_c166987 _d166987 |
||